Analysis, Synthesis, and Design of Chemical Processes / (Record no. 17282)
[ view plain ]
| 000 -LEADER | |
|---|---|
| fixed length control field | 00715cam a2200217 a 4500 |
| 001 - CONTROL NUMBER | |
| control field | 17312715 |
| 005 - DATE AND TIME OF LATEST TRANSACTION | |
| control field | 20130211130408.0 |
| 008 - FIXED-LENGTH DATA ELEMENTS--GENERAL INFORMATION | |
| fixed length control field | 120522s2012 njua b 001 0 eng |
| 020 ## - INTERNATIONAL STANDARD BOOK NUMBER | |
| International Standard Book Number | 0132940299 |
| 020 ## - INTERNATIONAL STANDARD BOOK NUMBER | |
| International Standard Book Number | 9780132940290 |
| 082 00 - DEWEY DECIMAL CLASSIFICATION NUMBER | |
| Classification number | 660.2812 |
| Edition number | 23 |
| Item number | ANA |
| 245 00 - TITLE STATEMENT | |
| Title | Analysis, Synthesis, and Design of Chemical Processes / |
| Statement of responsibility, etc | Richard Turton ... [et al.]. |
| 250 ## - EDITION STATEMENT | |
| Edition statement | 4th ed. |
| 260 ## - PUBLICATION, DISTRIBUTION, ETC. (IMPRINT) | |
| Place of publication, distribution, etc | Upper Saddle River, NJ : |
| Name of publisher, distributor, etc | Prentice Hall, |
| Date of publication, distribution, etc | c2013. |
| 300 ## - PHYSICAL DESCRIPTION | |
| Extent | xxxv, 965 p. : |
| Other physical details | ill. ; |
| Dimensions | 27 cm. + |
| Accompanying material | 1 CD-ROM (4 3/4 in.) |
| 504 ## - BIBLIOGRAPHY, ETC. NOTE | |
| Bibliography, etc | Includes bibliographical references and index. |
| 650 #0 - SUBJECT ADDED ENTRY--TOPICAL TERM | |
| Topical term or geographic name as entry element | Chemical processes. |
| 9 (RLIN) | 32562 |
| 653 ## - INDEX TERM--UNCONTROLLED | |
| Resource For college | |
| Arrived date list | February2013 |
| 700 1# - ADDED ENTRY--PERSONAL NAME | |
| Personal name | Turton, Richard. |
| 9 (RLIN) | 32563 |
| 942 ## - ADDED ENTRY ELEMENTS (KOHA) | |
| Source of classification or shelving scheme | Dewey Decimal Classification |
| Item type | Book - Borrowing |
| Withdrawn status | Item status | Source of classification or shelving scheme | Damaged status | Not for loan | Vendor | Home library | Current library | Shelving location | Date acquired | Source of acquisition | Total Checkouts | Total Renewals | Full call number | Barcode | Date last seen | Date last borrowed | Koha item type | Materials specified (bound volume or other part) |
|---|---|---|---|---|---|---|---|---|---|---|---|---|---|---|---|---|---|---|
| Dewey Decimal Classification | Baccah | Central Library | Central Library | First floor | 11/02/2013 | 5 | 33 | 660.2812 ANA | 000028171 | 15/07/2025 | 20/03/2023 | Book - Borrowing | ||||||
| Dewey Decimal Classification | Baccah | Central Library | Central Library | First floor | 11/02/2013 | 2 | 660.2812 ANA | 000028172 | 15/07/2025 | 20/03/2023 | Book - Borrowing | |||||||
| Dewey Decimal Classification | Baccah | Central Library | Central Library | First floor | 11/02/2013 | 5 | 15 | 660.2812 ANA | 000028173 | 15/07/2025 | 22/04/2018 | Book - Borrowing | ||||||
| Dewey Decimal Classification | Baccah | Central Library | Central Library | First floor | 11/02/2013 | 2 | 660.2812 ANA | 000028174 | 02/04/2023 | 20/03/2023 | CD | DVD - With book | |||||||
| Dewey Decimal Classification | Baccah | Central Library | Central Library | First floor | 11/02/2013 | 2 | 1 | 660.2812 ANA | 000028175 | 24/08/2022 | 21/04/2018 | CD | DVD - With book | Lost In Inventory_2018-08-12 | |||||
| Dewey Decimal Classification | Baccah | Central Library | Central Library | First floor | 11/02/2013 | 1 | 1 | 660.2812 ANA | 000028176 | 24/08/2022 | 20/03/2014 | CD | DVD - With book | Lost In Inventory_2015-8-23 |